| 000 | 01734nam a2200313 4500 | ||
|---|---|---|---|
| 003 | EC-UNACH | ||
| 005 | 20251031095528.0 | ||
| 006 | s||||gr|||| 00| 00 | ||
| 008 | 150116t9999 mx r gr 000 0 spa d | ||
| 020 | _a9978-67-054-8 | ||
| 040 |
_aEC-UNACH _cEC-UNACH |
||
| 041 | _aspa | ||
| 082 | 0 | 4 |
_223 _a302.2 _bL017920 |
| 110 | _aEditorial el comercio | ||
| 245 | _aControversia Ecuador hoy: cien miradas | ||
| 250 | _aPrimera edición | ||
| 264 |
_aEcuador _bEditorial el comercio _c2000 |
||
| 300 | _a319 | ||
| 505 | _a1- Parte El ecuador en el espejo - Somos un pueblo sin identidad - Hay que hacer una minga de conciencias - La otra guerra de las naciones indias - la diversidad está en la nacionalidad - La crítica a sido anécdota - Los indígenas tienen derechos específicos - El facilismo es parte de la cultura nacional - - 2 Parte - De la política y las elites - Las elites se preocupan de sus problemas - Los gobiernos usan y abusan de los militares - Los militares no creen en cantos de sirena - La conaie no tiene proyecto convincente - Los políticos caminan a otro compas - - 3 Parte - La mirada desde afuera - La posmodernidad llego a las cupulas - La posmodernidad ha destruido conceptos - La posmodernidad es un hecho vital - La izquierda busca salidas de emergencia - La revolución de pensamiento es urgente - El buen líder no es autoritario. | ||
| 650 | _aEn la nacionalidad esta la diversidad | ||
| 650 | _aLas elites se ocupan de sus problemas | ||
| 650 | _aLa posmodernidad llegó a las cúpulas | ||
| 700 | _aMilagros Aguirre | ||
| 942 |
_2ddc _c1 |
||
| 999 | _c14131 | ||